Name all the Fnaf Animatronics (Up to SOTM) - Statistics

General Stats
  • This quiz has been taken 117 times
    78 since last reset
  • The average score is 70 of 173
Answer Stats
Hint Answer % Correct
Bonnie
96%
FNAF 1 Freddy
96%
Chica
93%
Foxy
93%
Golden Freddy
89%
Balloon Boy
85%
Mangle
85%
Marionette
85%
Nightmare
81%
Nightmare Bonnie
81%
Toy Bonnie
81%
Toy Chica
81%
FNAF 2 Toy Freddy
81%
Nightmare Chica
78%
FNAF 4 Nightmare Freddy
78%
Shadow Bonnie
78%
Shadow freddy
78%
FNAF 3 Springtrap
78%
Withered Bonnie
78%
Withered Chica
78%
Withered Foxy
78%
Withered Freddy
78%
Endo 01
74%
Nightmare Foxy
74%
Phantom Balloon Boy
74%
Phantom Chica
74%
Phantom Foxy
74%
Phantom Freddy
74%
Withered Golden Freddy
74%
Endo-02
70%
JJ
70%
Nightmare Fredbear
70%
Plushtrap
70%
Ballora
67%
Sister Location Circus Baby
67%
Funtime Foxy
67%
Funtime Freddy
67%
Nightmare Balloon Boy
67%
Phantom Mangle
67%
Phantom Puppet
67%
Jack O Bonnie
63%
Jack O Chica
63%
Nightmarionne
63%
Lefty
59%
Monty
59%
Fnaf 4 Halloween DLC Nightmare Mangle
59%
Ennard
56%
Security Breach Glamrock Freddy
56%
Mediocre Melodies Mr Hippo
56%
Rockstar Bonnie
56%
Rockstar Chica
56%
Rockstar Foxy
56%
Rockstars Rockstar freddy
56%
FNAF Pizzeria Sim Scraptrap
56%
Vanny
56%
SL CN Yenndo
56%
Bidybab
52%
Bon Bon
52%
Bonnet
52%
Electrobab
52%
Freddles
52%
Extra Funtime Chica
52%
Happy Frog
52%
Lolbit
52%
Molten Freddy
52%
Nedd Bear
52%
Scrap Baby
52%
DJ Music Man
48%
Glamrock Chica
48%
Help Wanted Glitchtrap
48%
Helpy
48%
Minireena
48%
Music Man
48%
No.1 Crate
48%
Orville Elephant
48%
Pig Patch
48%
Curse of Dreadbear Dreadbear
44%
Roxy
44%
El Chip
41%
Mr Can-Do
41%
Trash and the Gang Mr Hugs
41%
Old Man Consequences
41%
The Mimic
41%
Grimm Foxy
37%
Pan Stan
37%
Sun
37%
Candy Cadet
33%
FNAF UCN Dee Dee
33%
Secret of the Mimic Jackie
33%
Mini Music Man
33%
Moon
33%
Phone Guy
33%
Ruined Monty
33%
Ruined Roxy
33%
Bucket Bob
30%
Burntrap
30%
Fruit Punch Clown
30%
Lemonade Clown
30%
Map Bot
30%
Prize King
30%
Ruined Chica
30%
Security Breach RUIN Ruined Freddy
30%
Shattered Glamrock Chica
30%
Shattered Monty
30%
Shattered Roxy
30%
Helpi
26%
Security Bot
26%
Security Puppet
26%
Eclipse
22%
Minireena 2
22%
Mop Bot
22%
Mr Helpful
22%
Sewer Bots
22%
Wet Floor Bot
22%
Alien Bot
19%
Big Top
19%
Comedy Bot
19%
Egg Baby
19%
Glamrock Endo
19%
Gumball Swivelhands
19%
M1
19%
Mrs Helpful
19%
M.X.E.S
19%
Shadow Mangle
19%
Shattered Glamrock Bonnie
19%
The Blob
19%
Carnie
15%
Carnival Nurse
15%
Chef Bot
15%
Dollie
15%
Driver Assist Bots
15%
Hand Unit
15%
Hedgehog Hudgie
15%
Minireena 1
15%
Proto Bonnie
15%
Proto Chica
15%
Proto Foxy
15%
Proto Fredbear
15%
Proto Freddy
15%
Proto Springbonnie
15%
Ruined Moon
15%
Ruined Sun
15%
Swing Bee
15%
Birthday Puppy
11%
Bub
11%
Captain Springlock
11%
Digi-Typer
11%
Elephant
11%
Head Chef Bot
11%
Jack-O-Moon
11%
Jest
11%
Mycellium Men
11%
Nightmare Endo
11%
Rabbit Music Man
11%
Sleepy Moon
11%
Split-Face Music Man
11%
Star Orphans
11%
White Tiger
11%
Attendant Bot
7%
Brow Boy
7%
Lyrical Lemur
7%
Mask Bot
7%
Melted Music Man
7%
Mystic Hippo
7%
Neon Jukebox
7%
Princess Quest
7%
Rocktopus
7%
HW 2 Ruined DJ Music Man
7%
Ruined Staff Bots
7%
Lion
4%
Pass Bot
4%
Penguin
4%
Sharpay Poodle
4%
No matching quizzes found
Score Distribution
Percent of People with Each Score
Percentile by Number Answered
Your Score History
You have not taken this quiz since the last reset